000 00291nam a22001337a 4500
008 170407b xxu||||| |||| 00| 0 eng d
020 _a9780205274703
041 _aeng
080 _a616
100 _a9
101 _aSHM
245 _aPATHOLOGY AUDIOLOGY
_cSILVERMAN.F.H
942 _2udc
_cBK
999 _c10235
_d10235